| 000 | 01243cad a22002175a 4500 | ||
|---|---|---|---|
| 001 | L150234 | ||
| 008 | 100614s2010 xxk f 000 0 eng d | ||
| 035 | _a(Sirsi) u150234 | ||
| 041 | 0 | _aeng | |
| 110 | 2 | _aFederation International Des Geometres | |
| 245 | 0 | 0 |
_aFIG Publication No. 48 _brapid urbanization and mega cities, the need for spatial information management, research study by FIG Commission 3 _h[electronic resource] |
| 260 |
_aCopenhagen _bInternational Federation of Surveyors _c2010 |
||
| 505 | 2 | _aExecutive Summary -- Introduction -- Technical Innovation in Management of Spatial Data -- Spatial Data Infrastructure -- Added Value of SDI for City Administration -- Potential Strategies -- Conclusions -- Recommendations -- Bibliography | |
| 520 | _aContribution of FIG Commission 3 to building knowledge and awareness of the quality of governance in large urban areas through the necessary reforms and the use of spatial data infrastructures. | ||
| 521 | _aAdvanced | ||
| 590 | _aKA | ||
| 651 | 4 | _aInternational | |
| 690 | _aENVIRONMENT AND LAND CONSULTANCY-PLANNING AND DEVELOPMENT | ||
| 856 | 4 | 0 |
_uhttps://www.fig.net/pub/figpub/pub48/figpub48.pdf _zView the conference papers free of charge at www.fig.net |
| 942 | _n0 | ||
| 999 |
_c110798 _d110798 |
||